书目信息 |
| 题名: |
将帅在逆境中
|
|
| 作者: | 董保存 著 | |
| 分册: | ||
| 出版信息: | 北京 人民出版社 1996.08 |
|
| 页数: | 303页 | |
| 开本: | 32开 | |
| 丛书名: | ||
| 单 册: | ||
| 中图分类: | K825.2 | |
| 科图分类: | ||
| 主题词: | 人物--传记--中国 | |
| 电子资源: | ||
| ISBN: | 7-01-002317-4 | |
| 000 | 00546nam0 2200193 45 | |
| 001 | 0008141607 | |
| 005 | 20000814162633.2 | |
| 010 | @a7-01-002317-4@d13.00元 | |
| 100 | @a20000814d1996 km y0chiy0120 ea | |
| 101 | 0 | @achi |
| 105 | @a z 000yy | |
| 200 | 1 | @a将帅在逆境中@AJiang Shuai Zai Ni Jing Zhong@f董保存著@FDong Bao Cun Zhu |
| 210 | @a北京@c人民出版社@d1996.08 | |
| 215 | @a303页@d32开 | |
| 606 | 0 | @a人物@x传记@x中国 |
| 690 | @aK825.2@v3 | |
| 701 | 0 | @a董保存@4著 |
| 801 | @aCN@bPftUser@c20000814 | |
| 905 | @b106635-639@dK825.2@eD079@f5 | |
| 将帅在逆境中/董保存著.-北京:人民出版社,1996.08 |
| 303页;32开 |
| ISBN 7-01-002317-4:13.00元 |
| ● |
| 相关链接 |
|
|
|
正题名:将帅在逆境中
索取号:K825.2/D079
 
预约/预借
| 序号 | 登录号 | 条形码 | 馆藏地/架位号 | 状态 | 备注 |
| 1 | 106635 | 201066354 | 自科二线404/309社科库 48排5列5层/ [索取号:K825.2/D079] | 在馆 | |
| 2 | 106636 | 201066363 | 自科二线404/309社科库 48排5列5层/ [索取号:K825.2/D079] | 在馆 | |
| 3 | 106637 | 201066372 | 社科库309/309社科库 46排5列5层/ [索取号:K825.2/D079] | 在馆 | |
| 4 | 106638 | 201066381 | 社科库309/309社科库 46排5列5层/ [索取号:K825.2/D079] | 在馆 | |
| 5 | 106639 | 201066390 | 自科二线404/309社科库 48排5列5层/ [索取号:K825.2/D079] | 在馆 |